[Event "Haarlemse Meesters-IM 2018"]
[Site "Haarlem"]
[Date "2018.10.23"]
[Round "4"]
[White "Van Kerkhof, David"]
[Black "Bosboom, Manuel"]
[Result "1/2-1/2"]
[WhiteElo "2371"]
[BlackElo "2404"]
[Annotator "ChessBase"]
[PlyCount "60"]
[EventDate "2018.10.17"]
[EventType "tourn"]
[EventCountry "NED"]
[SourceTitle "playchess.com"]
[Source "ChessBase"]
[SourceQuality "1"]
[TimeControl "40/5400+30:1800+30"]

1. e4 {[%emt 0:00:00]} c5 {[%emt 0:00:00]} 2. d4 {[%emt 0:00:00]} cxd4 {[%emt 0:00:10]} 3. c3 {[%emt 0:00:00]} d3 {[%emt 0:02:43]} 4. Bxd3 {[%emt 0:00:03]} d6 {[%emt 0:01:03]} 5. c4 {[%emt 0:00:55]} Nf6 {[%emt 0:02:01]} 6. h3 {[%emt 0:00:24]} Nbd7 {[%emt 0:05:14]} 7. Nc3 {[%emt 0:02:57]} e6 {[%emt 0:06:39]} 8. Be3 {[%emt 0:02:34]} a6 {[%emt 0:01:55]} 9. Nf3 {[%emt 0:04:17]} Be7 {[%emt 0:02:36]} 10. O-O {[%emt 0:01:36]} h6 {[%emt 0:03:31]} 11. Nd4 {[%emt 0:02:45]} g5 {[%emt 0:03:12]} 12. Rc1 {[%emt 0:14:31]} Ne5 {[%emt 0:01:40]} 13. Be2 {[%emt 0:01:00]} Bd7 {[%emt 0:02:10]} 14. Nf3 {[%emt 0:11:59]} Ng6 {[%emt 0:06:26]} 15. Qb3 {[%emt 0:12:18]} g4 {[%emt 0:03:54]} 16. hxg4 {[%emt 0:03:15]} Nxg4 {[%emt 0:00:43]} 17. Bb6 {[%emt 0:05:15]} Qb8 {[%emt 0:00:25]} 18. Nd4 {[%emt 0:08:35]} h5 {[%emt 0:03:12]} 19. g3 {[%emt 0:00:20]} Nf6 {[%emt 0:10:18]} 20. Rfe1 {[%emt 0:05:31]} h4 {[%emt 0:01:24]} 21. Nd5 {[%emt 0:00:16]} exd5 {[%emt 0:09:54]} 22. cxd5 {[%emt 0:01:23]} hxg3 {[%emt 0:02:30]} 23. Bc7 {[%emt 0:00:18]} gxf2+ {[%emt 0:00:29]} 24. Kxf2 {[%emt 0:00:03]} Nxe4+ {[%emt 0:02:57]} 25. Kg1 {[%emt 0:01:20]} Nf4 {[%emt 0:04:04]} 26. Bf3 {[%emt 0:03:00]} Nh3+ {[%emt 0:05:53]} 27. Kg2 {[%emt 0:00:39]} Nf4+ {[%emt 0:02:46]} 28. Kg1 {[%emt 0:00:02]} Rg8+ {[%emt 0:03:54]} 29. Kh2 {[%emt 0:00:37]} Rh8+ {[%emt 0:00:54]} 30. Kg1 {[%emt 0:00:09]} Rg8+ {[%emt 0:02:44]} 1/2-1/2

[Event "Haarlemse Meesters-IM 2018"]
[Site "Haarlem"]
[Date "2018.10.23"]
[Round "4"]
[White "Lenaerts, Lennert"]
[Black "Van Baar, Esper"]
[Result "1/2-1/2"]
[WhiteElo "2362"]
[BlackElo "2223"]
[Annotator "NA"]
[PlyCount "138"]
[EventDate "2018.10.17"]
[EventType "tourn"]
[EventCountry "NED"]
[SourceTitle "playchess.com"]
[Source "ChessBase"]
[SourceQuality "1"]
[TimeControl "40/5400+30:1800+30"]

1. d4 {[%emt 0:00:00]} Nf6 {[%emt 0:05:29]} 2. c4 {[%emt 0:00:00]} e6 {[%emt 0:00:11]} 3. Nc3 {[%emt 0:00:00]} Bb4 {[%emt 0:00:12]} 4. Qc2 {[%emt 0:00:04]} O-O {[%emt 0:00:11]} 5. a3 {[%emt 0:00:04]} Bxc3+ {[%emt 0:00:10]} 6. Qxc3 {[%emt 0:00:02]} d5 {[%emt 0:00:17] LiveBook: 769 Games} 7. Nf3 {[%emt 0:00:05]} dxc4 {[%emt 0:00:18]} 8. Qxc4 {[%emt 0:00:03]} b6 {[%emt 0:00:20]} 9. Bg5 {[%emt 0:00:02]} Ba6 {[%emt 0:00:14]} 10. Qa4 {[%emt 0:00:02]} Qd7 {[%emt 0:00:28]} 11. Qxd7 {[%emt 0:00:04]} Nbxd7 {[%emt 0:00:06]} 12. Bxf6 {[%emt 0:00:02]} gxf6 {[%emt 0:00:07]} 13. e3 {[%emt 0:00:04]} Bb7 {[%emt 0:00:14]} 14. Rc1 {[%emt 0:00:42]} Rfc8 {[%emt 0:02:39]} 15. Bb5 {[%emt 0:01:17]} c6 {[%emt 0:00:51]} 16. Be2 {[%emt 0:00:05]} c5 {[%emt 0:02:47]} 17. O-O {[%emt 0:00:26]} cxd4 {[%emt 0:04:05]} 18. Nxd4 {[%emt 0:00:15]} Nc5 {[%emt 0:07:24]} 19. b4 {[%emt 0:17:55]} Ne4 {[%emt 0:02:33]} 20. Bf3 {[%emt 0:08:29]} f5 {[%emt 0:22:34]} 21. Ne2 {[%emt 0:15:20]} a5 {[%emt 0:14:01]} 22. Rxc8+ {[%emt 0:03:35]} Rxc8 {[%emt 0:00:41]} 23. Bxe4 {[%emt 0:00:17]} Bxe4 {[%emt 0:01:43]} 24. Rc1 {[%emt 0:00:44]} Rxc1+ {[%emt 0:06:46]} 25. Nxc1 {[%emt 0:00:02]} axb4 {[%emt 0:01:26]} 26. axb4 {[%emt 0:00:02]} Kf8 {[%emt 0:00:52]} 27. Ne2 {[%emt 0:00:06]} Ke7 {[%emt 0:02:03]} 28. Nc3 {[%emt 0:00:06]} Kd6 {[%emt 0:01:03]} 29. f3 {[%emt 0:00:59]} Bd3 {[%emt 0:00:44]} 30. Kf2 {[%emt 0:00:09]} b5 {[%emt 0:10:42]} 31. Kg3 {[%emt 0:02:50]} Ke5 {[%emt 0:00:18]} 32. f4+ {[%emt 0:00:47]} Kf6 {[%emt 0:00:14]} 33. Kh4 {[%emt 0:01:27]} Kg6 {[%emt 0:01:55]} 34. Kg3 {[%emt 0:07:24]} Kf6 {[%emt 0:08:45]} 35. Kf3 {[%emt 0:00:02]} Ke7 {[%emt 0:02:41]} 36. e4 {[%emt 0:03:08]} fxe4+ {[%emt 0:00:53]} 37. Nxe4 {[%emt 0:00:02]} f5 {[%emt 0:01:28]} 38. Nc5 {[%emt 0:01:05]} Bf1 {[%emt 0:00:32]} 39. Kf2 {[%emt 0:00:02]} Bc4 {[%emt 0:00:22]} 40. Ke3 {[%emt 0:00:01]} Kd6 {[%emt 0:01:08]} 41. Kd4 {[%emt 0:30:26]} Bd5 {[%emt 0:04:38]} 42. g3 {[%emt 0:00:00]} Bf3 {[%emt 0:07:31]} 43. Nd3 {[%emt 0:00:00]} h5 {[%emt 0:02:10]} 44. Ne5 {[%emt 0:00:00]} Bd1 {[%emt 0:02:42]} 45. Nf7+ {[%emt 0:00:00]} Ke7 {[%emt 0:00:09]} 46. Ng5 {[%emt 0:00:00]} Kd6 {[%emt 0:00:13]} 47. Nh7 {[%emt 0:00:00]} Be2 {[%emt 0:02:00]} 48. Nf6 {[%emt 0:00:00]} Bd1 {[%emt 0:00:18]} 49. Ne8+ {[%emt 0:00:00]} Kd7 {[%emt 0:00:30]} 50. Ng7 {[%emt 0:00:00]} Kd6 {[%emt 0:00:06]} 51. h4 {[%emt 0:00:00]} Be2 {[%emt 0:00:14]} 52. Ne8+ {[%emt 0:00:00]} Kd7 {[%emt 0:00:14]} 53. Nf6+ {[%emt 0:00:00]} Kd6 {[%emt 0:00:06]} 54. Nh7 {[%emt 0:00:00]} Bd1 {[%emt 0:00:45]} 55. Nf8 {[%emt 0:00:00]} Be2 {[%emt 0:00:17]} 56. Ng6 {[%emt 0:00:00]} Bf3 {[%emt 0:02:13]} 57. Ne5 {[%emt 0:00:00]} Bg2 {[%emt 0:01:31]} 58. Nd3 {[%emt 0:00:00]} Bf3 {[%emt 0:03:19]} 59. Nc5 {[%emt 0:00:00]} Bg2 {[%emt 0:00:42]} 60. Nd3 {[%emt 0:00:00]} Bf3 {[%emt 0:00:12]} 61. Nc1 $11 {[%emt 0:00:00]} Bg2 {[%emt 0:00:55]} 62. Ne2 {[%emt 0:00:00]} Bf3 {[%emt 0:00:51]} 63. Nc3 {[%emt 0:00:00]} Bc6 {[%emt 0:00:05]} 64. Kd3 {[%emt 0:00:00]} Bd7 {[%emt 0:01:14]} 65. Ke3 {[%emt 0:00:00]} Bc6 {[%emt 0:00:24]} 66. Kd4 {[%emt 0:00:00]} Be8 {[%emt 0:01:16]} 67. Ne2 {[%emt 0:00:00]} Bc6 {[%emt 0:00:54]} 68. Nc1 {[%emt 0:00:00]} Bg2 {[%emt 0:00:32]} 69. Nd3 {[%emt 0:00:00]} Bf3 {[%emt 0:00:29] Ke4 [%emt 00:02:24] Ke5+} 1/2-1/2

[Event "Haarlemse Meesters-IM 2018"]
[Site "Haarlem"]
[Date "2018.10.23"]
[Round "4"]
[White "Gijswijt, Bart"]
[Black "Daeschler, Florian"]
[Result "1-0"]
[WhiteElo "2321"]
[BlackElo "2254"]
[Annotator "NA"]
[PlyCount "61"]
[EventDate "2018.10.17"]
[EventType "tourn"]
[EventCountry "NED"]
[SourceTitle "playchess.com"]
[Source "ChessBase"]
[SourceQuality "1"]
[TimeControl "40/5400+30:1800+30"]

1. d4 {[%emt 0:00:00]} d5 {[%emt 0:00:00]} 2. c4 {[%emt 0:00:00]} e6 {[%emt 0:00:00]} 3. Nf3 {[%emt 0:00:00]} Nf6 {[%emt 0:00:00]} 4. Nc3 {[%emt 0:00:17]} Be7 {[%emt 0:00:00]} 5. Bf4 {[%emt 0:00:45] LiveBook: 6666 Games} O-O {[%emt 0:00:02]} 6. e3 {[%emt 0:00:07]} b6 {[%emt 0:00:06]} 7. cxd5 {[%emt 0:09:30]} Nxd5 {[%emt 0:00:05]} 8. Nxd5 {[%emt 0:02:08]} Qxd5 {[%emt 0:00:08]} 9. a3 {[%emt 0:05:22]} Ba6 {[%emt 0:04:54]} 10. Bxa6 {[%emt 0:02:51]} (10. Be2 {[%emt 0:02:51]}) 10... Nxa6 {[%emt 0:05:20]} 11. Qa4 {[%emt 0:05:47]} Qa5+ {[%emt 0:05:26]} 12. Qxa5 {[%emt 0:00:24]} bxa5 {[%emt 0:00:01]} 13. Ne5 {[%emt 0:07:08]} Bd6 {[%emt 0:07:22]} (13... c5 $14) 14. Nc6 {[%emt 0:02:11]} Bxf4 {[%emt 0:05:47]} 15. exf4 {[%emt 0:00:11]} f6 {[%emt 0:04:11]} 16. Rc1 {[%emt 0:02:37]} Kf7 {[%emt 0:04:01]} (16... a4 {keeps fighting.} 17. O-O Nb8) 17. Kd2 {[%emt 0:06:37]} Ke8 {[%emt 0:08:56]} 18. Rc4 {[%emt 0:07:49]} Kd7 {[%emt 0:00:29]} 19. Rhc1 {[%emt 0:00:31]} Rg8 {[%emt 0:02:58]} 20. h4 {[%emt 0:04:48]} h6 {[%emt 0:02:36]} 21. g3 $18 {[%emt 0:09:07]} g5 {[%emt 0:06:55]} 22. hxg5 {[%emt 0:00:48]} hxg5 {[%emt 0:00:04]} 23. Rh1 {[%emt 0:01:48]} Kd6 {[%emt 0:11:15]} 24. Nxa5 {[%emt 0:04:15]} Rab8 {[%emt 0:03:13]} 25. Rc6+ {[%emt 0:01:49]} Kd5 {[%emt 0:00:04]} 26. Rxa6 {[%emt 0:00:55]} Rxb2+ {[%emt 0:00:07]} 27. Ke3 {[%emt 0:05:27]} gxf4+ {[%emt 0:07:18]} 28. gxf4 {[%emt 0:00:03]} Rc2 {[%emt 0:01:27]} 29. Kd3 {[%emt 0:05:20]} Rxf2 {[%emt 0:01:09]} 30. Nc4 {[%emt 0:00:14]} c6 {[%emt 0:00:54]} 31. Ra5+ {[%emt 0:00:10]} 1-0

[Event "Haarlemse Meesters-IM 2018"]
[Site "Haarlem"]
[Date "2018.10.23"]
[Round "4"]
[White "Basman, Michael J"]
[Black "Riemersma, Li"]
[Result "0-1"]
[WhiteElo "2313"]
[BlackElo "2460"]
[Annotator "TA"]
[PlyCount "54"]
[EventDate "2018.10.17"]
[EventType "tourn"]
[EventCountry "NED"]
[SourceTitle "playchess.com"]
[Source "ChessBase"]
[SourceQuality "1"]

{[%evp 9,54,-39,-39,-50,-39,-43,-27,-83,-56,-47,-45,-125,-128,-143,-120,-136,-102,-187,-194,-235,-222,-214,-250,-213,-189,-215,-23,-253,-247,-248,-245,-227,-248,-456,-465,-549,-492,-617,-612,-604,-608,-619,-553,-824,-819,-1183,-1172]} 1. b4 Nf6 2. Bb2 e6 3. a3 d5 4. e3 Bd6 5. f4 (5. Nf3 Nbd7 6. c4 dxc4 7. Bxc4 a5 8. Qb3 Nb6 9. Be2 axb4 10. axb4 Rxa1 11. Bxa1 Qe7 12. b5 e5 {0-1 (28) Grasso,G (2095)-Sonis,F (2422) Erice 2016}) 5... a5 6. b5 {A00: Irregular Openings} c5 $146 ({Predecessor:} 6... O-O 7. Nf3 c6 8. a4 Nbd7 9. c4 Re8 10. cxd5 exd5 11. Be2 Qb6 12. Qc2 Ne4 {1-0 (43) Turikov,V (2209)-Slugin,Y (1940) St Petersburg 2016}) 7. Nf3 Nbd7 8. g4 (8. Be2 $11 {remains equal.}) 8... O-O 9. g5 Ne8 10. c4 {[#]} (10. Nc3 $15) 10... d4 $1 $17 {[%mdl 512]} 11. Bd3 (11. exd4 Bxf4) 11... f5 12. Qe2 Nc7 13. exd4 (13. Kd1 $17) 13... Bxf4 $19 14. Nc3 cxd4 15. Na4 e5 {Strongly threatening ...e4.} 16. c5 Kh8 $36 {[%mdl 2048] Black is on the roll.} 17. Bc4 Qe8 $2 (17... Bxg5 $19 {And now ...Bf6 would win.} 18. O-O Bf6) 18. O-O-O $2 {[#]} (18. O-O $1 $11 {and White is okay.}) 18... Ne6 $1 19. Rde1 Nexc5 ({Less strong is} 19... Nxg5 20. Nxg5 Bxg5 {[#]} 21. Bxd4 $1 $15 {[%mdl 512]}) 20. Nxc5 Nxc5 21. Bxd4 $2 (21. Nxe5 Be6 22. Kb1) 21... Ne4 {Black is clearly winning.} 22. Be3 Be6 {...Rc8 is the strong threat.} 23. Kb2 Bxe3 24. Bxe6 Qxe6 25. Qxe3 a4 26. Rc1 Qd5 27. d4 f4 {Precision: White = 17%, Black = 69%.} 0-1

[Event "Haarlemse Meesters-IM 2018"]
[Site "Haarlem"]
[Date "2018.10.24"]
[Round "5"]
[White "Riemersma, Li"]
[Black "Lenaerts, Lennert"]
[Result "1/2-1/2"]
[WhiteElo "2460"]
[BlackElo "2362"]
[Annotator "RC"]
[PlyCount "67"]
[EventDate "2018.10.17"]
[EventType "tourn"]
[EventCountry "NED"]
[SourceTitle "playchess.com"]
[Source "ChessBase"]
[SourceQuality "1"]
[TimeControl "40/5400+30:1800+30"]

1. d4 {[%emt 0:00:00]} d5 {[%emt 0:00:00]} 2. c4 {[%emt 0:00:00]} c6 {[%emt 0:00:00]} 3. Nc3 {[%emt 0:00:02]} dxc4 {[%emt 0:00:00]} 4. e3 {[%emt 0:00:15]} b5 {[%emt 0:00:00]} 5. a4 {[%emt 0:00:18]} b4 {[%emt 0:00:00]} 6. Ne4 {[%emt 0:00:09]} Qd5 {[%emt 0:00:27]} 7. Nd2 {[%emt 0:00:08]} Ba6 {[%emt 0:00:53]} 8. Qc2 {[%emt 0:00:48]} c3 {[%emt 0:03:04]} 9. bxc3 {[%emt 0:02:55]} bxc3 {[%emt 0:00:02]} 10. Qxc3 {[%emt 0:00:50]} Bxf1 {[%emt 0:00:02]} 11. Kxf1 {[%emt 0:02:37]} Nf6 {[%emt 0:01:51]} 12. Ba3 {[%emt 0:09:41]} Nbd7 {[%emt 0:00:06]} 13. Ngf3 {[%emt 0:00:22]} Rc8 {[%emt 0:03:23]} 14. Rc1 {[%emt 0:13:03]} g5 {[%emt 0:08:19]} 15. h3 {[%emt 0:03:02]} h5 {[%emt 0:06:08]} 16. Qc4 {[%emt 0:19:45]} Bh6 {[%emt 0:04:31]} 17. Qxd5 {[%emt 0:02:40]} Nxd5 {[%emt 0:00:01]} 18. g4 {[%emt 0:05:29]} f6 {[%emt 0:03:18]} 19. Ke2 {[%emt 0:02:30]} Bf8 {[%emt 0:00:39]} 20. Rhg1 {[%emt 0:10:43]} hxg4 {[%emt 0:00:55]} 21. hxg4 {[%emt 0:00:02]} e6 {[%emt 0:00:06]} 22. Bxf8 {[%emt 0:00:49]} Kxf8 {[%emt 0:00:02]} 23. Rc2 {[%emt 0:01:18]} Ke7 {[%emt 0:00:54]} 24. Rgc1 {[%emt 0:02:46]} Nb4 {[%emt 0:00:04]} 25. Rc4 {[%emt 0:01:32]} Rb8 {[%emt 0:01:17]} 26. a5 {[%emt 0:02:41]} Rb5 {[%emt 0:00:50]} 27. e4 {[%emt 0:06:28]} Rhb8 {[%emt 0:15:11]} 28. Ra1 {[%emt 0:04:02]} c5 {[%emt 0:17:13]} 29. dxc5 {[%emt 0:02:29]} Rxc5 {[%emt 0:00:02]} 30. Rb1 {[%emt 0:04:00]} Rxc4 {[%emt 0:01:21]} 31. Nxc4 {[%emt 0:00:02]} Nc6 {[%emt 0:01:45]} 32. Rxb8 {[%emt 0:00:50]} Ndxb8 {[%emt 0:00:05]} 33. e5 {[%emt 0:00:19]} Nd7 {[%emt 0:00:36]} 34. exf6+ {[%emt 0:03:07]} 1/2-1/2

[Event "Haarlemse Meesters-IM 2018"]
[Site "Haarlem"]
[Date "2018.10.24"]
[Round "5"]
[White "Bosboom, Manuel"]
[Black "Basman, Michael J"]
[Result "1-0"]
[WhiteElo "2404"]
[BlackElo "2313"]
[Annotator "ChessBase"]
[PlyCount "47"]
[EventDate "2018.10.17"]
[EventType "tourn"]
[EventCountry "NED"]
[SourceTitle "playchess.com"]
[Source "ChessBase"]
[SourceQuality "1"]
[TimeControl "40/5400+30:1800+30"]

1. c4 {[%emt 0:00:18]} g5 {[%emt 0:00:00]} 2. h4 {[%emt 0:03:42]} g4 {[%emt 0:00:10]} 3. g3 {[%emt 0:00:52]} Bg7 {[%emt 0:03:38]} 4. Bg2 {[%emt 0:00:19]} c5 {[%emt 0:04:51]} 5. e3 {[%emt 0:01:34]} d6 {[%emt 0:01:10]} 6. Ne2 {[%emt 0:00:59]} Nc6 {[%emt 0:00:37]} 7. d4 {[%emt 0:00:47]} Bd7 {[%emt 0:02:26]} 8. Nbc3 {[%emt 0:00:36]} Nf6 {[%emt 0:10:42]} 9. O-O {[%emt 0:09:31]} O-O {[%emt 0:05:07]} 10. Nd5 {[%emt 0:07:09]} Nh5 {[%emt 0:07:30]} 11. Re1 {[%emt 0:08:36]} Rc8 {[%emt 0:15:35]} 12. b3 {[%emt 0:06:59]} e6 {[%emt 0:05:34]} 13. Nef4 {[%emt 0:10:35]} Nxf4 {[%emt 0:06:38]} 14. Nxf4 {[%emt 0:00:53]} cxd4 {[%emt 0:03:16]} 15. exd4 {[%emt 0:04:31]} Bxd4 {[%emt 0:04:53]} 16. Bxc6 {[%emt 0:04:04]} Bxa1 {[%emt 0:00:06]} 17. Bxb7 {[%emt 0:01:03]} Rb8 {[%emt 0:05:53]} 18. Nh5 {[%emt 0:03:13]} Qa5 {[%emt 0:02:57]} 19. Bg5 {[%emt 0:03:30]} Bc3 {[%emt 0:02:50]} 20. b4 {[%emt 0:05:37]} Qxb4 {[%emt 0:07:24]} 21. Nf6+ {[%emt 0:00:27]} Kh8 {[%emt 0:01:21]} 22. Qd3 {[%emt 0:10:56]} Bxf6 {[%emt 0:03:27]} 23. Bxf6+ {[%emt 0:00:04]} Kg8 {[%emt 0:00:04]} 24. Qe3 {[%emt 0:00:18]} 1-0

[Event "Haarlemse Meesters-IM 2018"]
[Site "Haarlem"]
[Date "2018.10.24"]
[Round "5"]
[White "Vedder, Richard"]
[Black "Van Kerkhof, David"]
[Result "1/2-1/2"]
[WhiteElo "2288"]
[BlackElo "2371"]
[Annotator "NA"]
[PlyCount "123"]
[EventDate "2018.10.17"]
[EventType "tourn"]
[EventCountry "NED"]
[SourceTitle "playchess.com"]
[Source "ChessBase"]
[SourceQuality "1"]
[TimeControl "40/5400+30:1800+30"]

1. d4 {[%emt 0:00:00]} Nf6 {[%emt 0:00:00]} 2. c4 {[%emt 0:00:00]} c5 {[%emt 0:00:00]} 3. d5 {[%emt 0:00:00]} b5 {[%emt 0:00:05]} 4. cxb5 {[%emt 0:00:00]} a6 {[%emt 0:00:04]} 5. bxa6 {[%emt 0:00:00]} g6 {[%emt 0:00:05]} 6. Nc3 {[%emt 0:00:03]} Bg7 {[%emt 0:00:04]} 7. Nf3 {[%emt 0:01:10]} O-O {[%emt 0:00:19]} 8. e4 {[%emt 0:01:18]} Qa5 {[%emt 0:00:21]} 9. Nd2 {[%emt 0:00:23]} Bxa6 {[%emt 0:00:33]} 10. Be2 {[%emt 0:00:57]} d6 {[%emt 0:00:28]} 11. O-O {[%emt 0:01:25]} Nfd7 {[%emt 0:02:25]} 12. Bxa6 {[%emt 0:07:25]} Nxa6 {[%emt 0:06:50]} 13. Nc4 {[%emt 0:09:06] A57: Benko/Volga Gambit} Qb4 {[%emt 0:05:59]} 14. Qe2 {[%emt 0:03:35]} Ne5 {[%emt 0:02:31] LiveBook: 3 Games} 15. Nxe5 {[%emt 0:00:18]} Bxe5 {[%emt 0:00:02]} 16. Nd1 {[%emt 0:02:43] [#]} f5 $146 {[%emt 0:09:44]} ({Predecessor:} 16... Nc7 17. Bd2 Qb5 18. Qf3 Bxh2+ 19. Kxh2 Qxf1 20. Rc1 Qb5 {0-1 (31) Lorscheid,G (2258)-Meskovs,N (2518) Cappelle-la-Grande 2016}) 17. exf5 $1 {[%emt 0:04:27]} Rxf5 {[%emt 0:00:16]} 18. Ne3 {[%emt 0:07:13]} Rh5 {[%emt 0:05:13]} 19. h3 {[%emt 0:04:42]} Nc7 {[%emt 0:06:00]} 20. Rd1 {[%emt 0:10:09]} Ra4 {[%emt 0:16:22]} 21. Qg4 {[%emt 0:10:53]} Qxg4 {[%emt 0:07:35]} 22. hxg4 {[%emt 0:00:16]} Rg5 {[%emt 0:00:20]} 23. Nf5 {[%emt 0:00:17]} Rxf5 {[%emt 0:02:35]} 24. gxf5 {[%emt 0:00:08]} gxf5 {[%emt 0:00:04]} 25. Rd3 {[%emt 0:10:03]} c4 {[%emt 0:04:49]} 26. Rf3 {[%emt 0:00:05]} Nxd5 {[%emt 0:05:47]} 27. Rxf5 {[%emt 0:00:14]} Kg7 {[%emt 0:00:29]} 28. Rxe5 {[%emt 0:02:34]} dxe5 {[%emt 0:00:23]} 29. Bd2 {[%emt 0:00:04]} Kf6 {[%emt 0:04:59]} 30. a3 {[%emt 0:01:48]} Kf5 {[%emt 0:03:58]} 31. Rc1 {[%emt 0:04:13]} e4 {[%emt 0:03:31]} 32. Bb4 {[%emt 0:01:56]} Nf4 {[%emt 0:05:16]} 33. Rxc4 {[%emt 0:00:56]} Nd3 {[%emt 0:00:02]} 34. g4+ {[%emt 0:05:51]} Kxg4 {[%emt 0:01:58]} 35. b3 {[%emt 0:00:01]} Ra6 {[%emt 0:01:51]} 36. Rxe4+ {[%emt 0:01:17]} Kf5 {[%emt 0:00:02]} 37. Rxe7 {[%emt 0:00:20]} Nxb4 {[%emt 0:01:39]} 38. axb4 {[%emt 0:00:02]} h6 {[%emt 0:00:32]} 39. Rc7 {[%emt 0:00:31]} Ke4 {[%emt 0:00:58]} 40. Kg2 {[%emt 0:03:59]} Rg6+ {[%emt 0:03:24]} 41. Kf1 {[%emt 0:30:18]} Rb6 {[%emt 0:31:08] [#]} 42. Rc4+ $1 {[%emt 0:00:40]} Kf3 {[%emt 0:00:41]} 43. Rc3+ {[%emt 0:01:39]} Kf4 {[%emt 0:00:00]} 44. Ke2 {[%emt 0:00:00]} Rxb4 $11 {[%emt 0:00:00]} 45. Rh3 {[%emt 0:00:00]} Kg4 {[%emt 0:00:00]} 46. Rg3+ {[%emt 0:00:00]} Kf4 {[%emt 0:00:00]} 47. Kd2 {[%emt 0:00:00]} h5 {[%emt 0:00:00]} 48. Kc3 {[%emt 0:00:00]} Rb8 {[%emt 0:00:00]} 49. b4 {[%emt 0:00:00]} h4 {[%emt 0:00:00]} 50. Rd3 {[%emt 0:00:00]} Rh8 {[%emt 0:00:00]} 51. Rh3 {[%emt 0:00:00]} Kg4 {[%emt 0:00:00]} 52. Rh1 {[%emt 0:00:00]} h3 {[%emt 0:00:00]} 53. Kc4 {[%emt 0:00:00]} h2 {[%emt 0:00:00]} 54. Kc5 {[%emt 0:00:00]} Kf3 {[%emt 0:00:00]} 55. b5 {[%emt 0:00:00]} Kxf2 {[%emt 0:00:00]} 56. b6 {[%emt 0:00:00]} Kg2 {[%emt 0:00:00]} 57. Rxh2+ {[%emt 0:00:00]} Kxh2 {[%emt 0:00:00]} 58. b7 {[%emt 0:00:00]} Kg3 {[%emt 0:00:00]} 59. Kc6 {[%emt 0:00:00]} Kf4 {[%emt 0:00:00]} 60. Kc7 {[%emt 0:00:00]} Ke5 {[%emt 0:00:00]} 61. b8=Q {[%emt 0:00:00]} Rxb8 {[%emt 0:00:00]} 62. Kxb8 {[%emt 0:00:00]} 1/2-1/2

[Event "Haarlemse Meesters-IM 2018"]
[Site "Haarlem"]
[Date "2018.10.24"]
[Round "5"]
[White "Daeschler, Florian"]
[Black "Harff, Marcel"]
[Result "1-0"]
[WhiteElo "2254"]
[BlackElo "2420"]
[Annotator "TA"]
[PlyCount "71"]
[EventDate "2018.10.17"]
[EventType "tourn"]
[EventCountry "NED"]
[SourceTitle "playchess.com"]
[Source "ChessBase"]
[SourceQuality "1"]

{[%evp 15,71,11,48,46,38,39,42,37,52,41,43,45,69,49,58,54,53,64,59,64,147,138,118,109,154,132,162,147,231,227,246,223,237,227,271,267,283,270,522,513,689,693,825,825,802,798,836,835,824,825,785,752,825,836,824,822,815,815]} 1. d4 f5 2. g3 Nf6 3. Nf3 g6 4. Bg2 Bg7 5. b3 d6 6. Bb2 O-O 7. Nbd2 Nc6 8. O-O {A81: Dutch Defence: 2 g3} h6 {LiveBook: 3 Games} 9. c4 (9. e3 Qe8 10. Nc4 b5 11. Na3 Rb8 12. c4 bxc4 13. Nxc4 Ba6 14. Rc1 Ne4 15. Re1 Nb4 {1-0 (52) Kovalyov,A (2613)-Rodriguez Vila,A (2485) Montevideo 2015}) 9... e5 10. dxe5 {White is slightly better.} Nd7 $146 ({Predecessor:} 10... Ng4 11. Qc1 Ngxe5 12. a3 Qe7 13. b4 g5 14. b5 Nxf3+ 15. Nxf3 {0-1 (54) Studnicka,T (2294)-Koch,M (2190) Bayern 2006}) 11. Ba3 Ndxe5 12. Nxe5 Bxe5 13. Rc1 Re8 14. Nf3 Bf6 15. Qd2 Kg7 16. e3 Bd7 17. Rfd1 b6 {[#]} ({Black should play} 17... Be6 $14) 18. c5 $1 {[%mdl 512]} bxc5 {[#]} 19. Bxc5 $1 {[%mdl 512]} Re7 (19... dxc5 20. Qxd7+) 20. Ne1 Qe8 21. Ba3 a5 (21... Rc8 $16 22. Nd3 g5) 22. Nd3 $18 g5 23. Bb2 Bxb2 24. Nxb2 {aiming for Bxc6.} ({Much less strong is} 24. Qxb2+ Kh7) 24... Kg6 {[#]} 25. g4 $1 {[%mdl 512]} Ra6 (25... fxg4 26. Qc2+) 26. Qe2 Nb8 $2 (26... Qa8 27. Nc4 fxg4 28. Nxd6 cxd6) 27. Rxc7 {White is clearly winning.} fxg4 28. Rb7 Rc6 29. Bxc6 Nxc6 30. Rxd6+ Kh5 31. Rbxd7 Rxd7 32. Rxc6 Qe4 33. Rc4 Qf3 34. Qxf3 gxf3 35. Rd4 Rc7 36. Nc4 {Precision: White = 96%, Black = 26%.} 1-0